00309nam a2200121Ia 4500003000400000008004100004020002600045040000800071100002100079245003800100260003900138300001000177LDD181101s9999 xx 000 0 und d a9789380919072c150.00 cLDD aArshad, Mohammad 0aHayat-o-khidmaatcMohammad Arshad aDelhibNew Bismah Kitab Gharc2011 a128p.